000 nam a22 7a 4500
999 _c85729
_d85729
005 20200131115033.0
008 200124b nyu||||| |||| 00| 0 eng d
020 _a1564321061
050 0 4 _aKMH2470
_bG83 1993
245 0 0 _aGuardians of thought
_b : limits on freedom of expression in Iran
_c / chair Gary Sick
250 _a1a ed.
260 _aNew York :
_bHuman Rights Watch,
_c1993
300 _a140 p. :
_bil. ;
_c23 cm.
490 0 _aMiddle East Watch Report
504 _aIncluye apéndices y bibliografía
506 _aRec. prop. FEVaQ
650 4 _aLibertad de expresión
_zIrán
650 7 _2lemb
_aLibertad de prensa
_zIrán
650 7 _2lemb
_aDerechos humanos
_zIrán
700 1 _aSick, Gary
_epresidente
942 _2lcc
_cLIB